00405nam a22001457a 450000500170000001000150001702000260003203500130005803700130007110000160008424500580010026000390015827000420019730000200023920160630103540.0 aENG-115291 a9789351865100c250.00 aEN-98823 bDBAD/PUB aGandhi,A.K. aThe life and times of Veer Savarkar /cby A.K. Gandhi aNew DelhibPrabhat Prakashanc2016 a4/19,Asaf Ali RoadbNew Delhie110002 a150p.c22cm(Hb)